000 00708 a2200205 4500
003 Nust
005 20170207165829.0
020 _a9780387765617
040 _cNust
082 _a621.382
100 1 _aNiknejad, Ali M.
245 1 0 _amm-Wave Silicon Technology
_b60 GHz and Beyond /
_cedited by Ali M. Niknejad, Hossein Hashemi.
260 _aBoston, MA :
_bSpringer Science+Business Media, LLC,
_c2008.
300 _bv.: digital
440 0 _aSeries on Integrated Circuits and Systems,
650 0 _aTelecommunications engineering - (E-BOOK)
651 _aE-Book
700 1 _aHashemi, Hossein.
856 4 2 _uhttp://proxy.lib.ltu.se/login?url=http://link.springer.com/openurl?genre=book&isbn=978-0-387-76558-7
942 _2ddc
_cBK
999 _c213189
_d213189